banner koha

Effect of heat exposure on the thermoregulatory responses of selected naked neck chikens (Registro n. 171031)

MARC details
000 -LÍDER
campo de controle de tamanho fixo 01096nas a2200373 4500
001 - NÚMERO DE CONTROLE
campo de controle BR0203475
003 - IDENTIFICADOR DO NÚMERO DE CONTROLE
campo de controle BR-BrBNA
005 - DATA E HORÁRIO DA ÚLTIMA TRANSAÇÃO
campo de controle 20231205103107.0
007 - CAMPO FIXO DE DESCRIÇÃO FÍSICA--INFORMAÇÃO GERAL
campo de controle de tamanho fixo ta
008 - CAMPO DE DADOS FIXOS--INFORMAÇÃO GERAL
campo de controle de tamanho fixo 230509b bl.|||p| |||| 00| 00por d
040 ## - FONTE DA CATALOGAÇÃO
Instituição da catalogação original BR-BrBNA
Idioma da catalogação por
Instituição que transcreveu o registro Biblioteca Nacional de Agricultura
041 ## - CÓDIGO DE IDIOMA
Código do idioma do texto/trilha sonora ou título diferente (En)
072 ## - CÓDIGO DE CATEGORIA DE ASSUNTO
Código de Categoria de Assunto L50
100 1# - ENTRADA PRINCIPAL--NOME PESSOAL
Nome pessoal Mazzi, C.M.
100 1# - ENTRADA PRINCIPAL--NOME PESSOAL
Nome pessoal Ferro, M.I.T.
100 1# - ENTRADA PRINCIPAL--NOME PESSOAL
Nome pessoal Coelho, A.A.D.
100 1# - ENTRADA PRINCIPAL--NOME PESSOAL
Nome pessoal Savino, V.J.M.
100 1# - ENTRADA PRINCIPAL--NOME PESSOAL
Nome pessoal Macari, M.
100 1# - ENTRADA PRINCIPAL--NOME PESSOAL
Nome pessoal Ferro, J.A.
100 1# - ENTRADA PRINCIPAL--NOME PESSOAL
Nome pessoal Givisiez, P.E.N.
100 1# - ENTRADA PRINCIPAL--NOME PESSOAL
Nome pessoal Giachetto, P.F.
100 1# - ENTRADA PRINCIPAL--NOME PESSOAL
Nome pessoal Silva, M.M.
100 1# - ENTRADA PRINCIPAL--NOME PESSOAL
Nome pessoal Dionello, N.J.L.
245 1# - TÍTULO
Título Effect of heat exposure on the thermoregulatory responses of selected naked neck chikens
650 ## - ASSUNTO--TERMO TÓPICO
Cabeçalho tópico ou nome geográfico FRANGO
650 ## - ASSUNTO--TERMO TÓPICO
Cabeçalho tópico ou nome geográfico TEMPERATURA
650 ## - ASSUNTO--TERMO TÓPICO
Cabeçalho tópico ou nome geográfico TERMORREGULAÇÃO
650 ## - ASSUNTO--TERMO TÓPICO
Cabeçalho tópico ou nome geográfico PESO
650 ## - ASSUNTO--TERMO TÓPICO
Cabeçalho tópico ou nome geográfico ANTICORPO MONOCLONAL
650 ## - ASSUNTO--TERMO TÓPICO
Cabeçalho tópico ou nome geográfico VIGOR HÍBRIDO
773 0# - ENTRADA ANALÍTICA
Título Arquivo Brasileiro de Medicina Veterinária e Zootecnia (Brazil)
ISSN - International Standard Serial Number ISSN 0102-0935
Partes relacionadas (Feb 2002), v. 54(1) p. 35-41
Número de controle do registro BR0203475
909 ## -
-- 202311
-- Lúcia
-- 55
-- Lúcia Elande
942 ## - ELEMENTOS DE ENTRADA ADICIONADOS (KOHA)
Fonte da classificação ou esquema de arquivamento na estante Classificação AGRIS
Ocultar no OPAC Não
Tipo de material Koha Analítica
Exemplares
Situação do descarte Fonte da classificação ou esquema de arquivamento na estante Situação física Não pode ser emprestado Biblioteca de origem Biblioteca atual Localização na estante Enumeração do periódico / cronologia Total de empréstimos Data de último acesso Número do exemplar Tipo de material Koha Fonte de aquisição
  Classificação AGRIS   Consulta local Biblioteca Nacional de Agricultura - Binagri Biblioteca Nacional de Agricultura - Binagri   (Feb 2002), v. 54(1) p. 35-41   29/11/2023 01 Periódicos Portaria Interministerial nº 164/94

BINAGRI

Telefone: (61)3218-2567/2388/3357/2097 - binagri@agro.gov.br

Ministério da Agricultura e Pecuária , Esplanada dos Ministérios, Bloco D, Anexo B, Brasília/DF, CEP: 70.043-900